• 首页
  • 本馆介绍
  • 公告通知
  • 最新文献
  • 馆藏检索
  • 电子资源
  • 读者导购
  • 参考咨询
  • 我的图书馆
  • 登录
  • 详细信息显示
  • 放入我的书架
  • 预约/预借图书
  • 作者相关作品
  • 分类相关作品
  • 丛书相关作品
  • 出版社相关作品

书目信息

  • 表格格式
  • 工作单格式
  • 卡片格式
题名:
无尽的探索
    
 
作者: 波普尔, 著 ;邱仁宗 , 吴源 译
分册:  
出版信息: 南京   江苏人民出版社  2000
页数: 259页
开本: 20cm
丛书名: 《汉译大众精品文库》
单 册:
中图分类: B561.59
科图分类:
主题词: 哲学家--zhe xue jia--自传--英国--现代
电子资源:
ISBN: 7-214-02792-5
000 01122nam0 2200301 45
001 CAL 012000920764
005 20031219104057.9
010    @a7-214-02792-5@dCNY14.00
100    @a20010202d2000 em y0chiy0121 ea
101 1  @achi@ceng
102    @aCN@b320000
105    @ay z 000ya
106    @ar
200 1  @a无尽的探索@Awu jin de tan suo@e卡尔·波普尔自传@f(英)卡尔·波普尔著@g邱仁宗译
210    @a南京@c江苏人民出版社@d2000
215    @a259页@d20cm
225 2  @a《汉译大众精品文库》@A《 han yi da zhong jing pin wen ku 》@i人物类@f吴源主编
410  0 @12001 @a《汉译大众精品文库》
454  1 @12001 @aUnended quest@1701 1@aPopper,@bKarl Raimund,@f1902-1994
517 1  @a卡尔·波普尔自传@Aka er · bo pu er zi zhuan
600  1 @a波普尔,@Abo pu er,@bK. R.,@g(Popper,Sir Karl Raimund)@f1902-1994@x自传
606 0  @a哲学家@Azhe xue jia@x自传@y英国@z现代
690    @aB561.59@v4
701  1 @a波普尔,@Abo pu er@bK.R.@g(Popper,Sir Karl Raimund),@f1902-1994@4著
702  0 @a邱仁宗@Aqiu ren zong@4译
702  0 @a吴源@Awu yuan@4主编
801    @aCN@bTSTC@c20010925
905    @b314910@dB561.59@e23@f1
    
    无尽的探索:卡尔·波普尔自传/(英)卡尔·波普尔著/邱仁宗译.-南京:江苏人民出版社,2000
    259页;20cm.-(《汉译大众精品文库》.人物类/吴源主编)
    译自:
    
    ISBN 7-214-02792-5:CNY14.00
    
●
相关链接 在E读中查询图书 在五车中查询图书 在当当中查询图书 在豆瓣中查询图书


正题名:无尽的探索     索取号:B561.59/23         预约/预借

序号 登录号 条形码 馆藏地/架位号 状态 备注
1 0314910   203149100   第一样本阅览室/ [索取号:B561.59/23] 在馆    
唐山师范学院图书馆 欢迎您!
大连网信软件有限公司© 版权所有